Cơ học vật liệu và kết cấu Composite Lý thuyết - Bài tập - Chương trình Matlab
Giới thiệu khái quát về vật liệu Composite; phân tích cơ học lớp vật liệu Composite, cơ học vi mô lớp, cơ học vĩ mô vật liệu Composite nhiều lớp, kết cấu dầm, kết cấu tấm Composite lớp theo lý thuyết tấm cổ điển (Kirchhoff) và phân tíc...
Đã lưu trong:
| Príomhúdar: | |
|---|---|
| Údair Eile: | |
| Formáid: | Leabhar |
| Teanga: | Undetermined |
| Foilsithe: |
H.
Xây dựng
2016
|
| Ábhair: | |
| Rochtain Ar Líne: | http://lrc.tdmu.edu.vn/opac/search/detail.asp?aID=2&ID=32176 |
| Clibeanna: |
Cuir Clib Leis
Gan Chlibeanna, Bí ar an gcéad duine leis an taifead seo a chlibeáil!
|
| Thư viện lưu trữ: | Trung tâm Học liệu Trường Đại học Thủ Dầu Một |
|---|
| LEADER | 01232nam a2200229Ia 4500 | ||
|---|---|---|---|
| 001 | TDMU_32176 | ||
| 008 | 210410s9999 xx 000 0 und d | ||
| 082 | |a 398.809597153 | ||
| 090 | |b TR121 | ||
| 100 | |a Trần, Minh Tú | ||
| 245 | 0 | |a Cơ học vật liệu và kết cấu Composite | |
| 245 | 0 | |b Lý thuyết - Bài tập - Chương trình Matlab | |
| 245 | 0 | |c Trần Minh Tú (ch.b.), Trần Ích Thịnh | |
| 260 | |a H. | ||
| 260 | |b Xây dựng | ||
| 260 | |c 2016 | ||
| 300 | |a 303tr. | ||
| 520 | |a Giới thiệu khái quát về vật liệu Composite; phân tích cơ học lớp vật liệu Composite, cơ học vi mô lớp, cơ học vĩ mô vật liệu Composite nhiều lớp, kết cấu dầm, kết cấu tấm Composite lớp theo lý thuyết tấm cổ điển (Kirchhoff) và phân tích kết cấu tấm Composite lớp theo lý thuyết chuyên vị bậc nhất | ||
| 650 | |a Cơ học kết cấu | ||
| 700 | |a Trần, Ích Thịnh | ||
| 856 | |u http://lrc.tdmu.edu.vn/opac/search/detail.asp?aID=2&ID=32176 | ||
| 980 | |a Trung tâm Học liệu Trường Đại học Thủ Dầu Một | ||